000 00829nas a2200253 4500
001 BR2018002097
003 BR-BrBNA
005 20231205131434.0
007 ta
008 230509b bl.|||p| |||| 00| 00por d
040 _aBR-BrBNA
_bpor
_cBiblioteca Nacional de Agricultura
041 _a(En)
072 _aL40
100 1 _aDiawol, V.P.
100 1 _aGiri, F.
100 1 _aCollins, P.A.
245 1 _aShape and size variations of Aegla uruguayana (Anomura, Aeglidae)under laboratory conditions: a geometric morphometric approach to the growth
650 _aCRUSTACEO
650 _aANATOMIA ANIMAL
650 _aECOLOGIA AQUATICA
773 0 _tIheringia. Série Zoologia (Brazil)
_xISSN 0073-4721
_g(Mar 2015), v. 105(1) p. 76-83
_wBR2018002097
909 _a202311
_bLúcia
_c55
_dLúcia Elande
942 _2AGRIS
_n0
_cANA
999 _c254831
_d254831